Vylepšenie používania návrhových vzorov v jazyku Elm

Enregistré dans:
Détails bibliographiques
Auteur principal: Herceg, Ján (Auteur)
Autres auteurs: Kapustík, Ivan (Directeur de thèse)
Format: Manuscrit Livre
Langue:slovaque
Publié: 2025
Sujets:
Accès en ligne:http://is.stuba.sk/zp/portal_zp.pl?podrobnosti=183667
Tags: Ajouter un tag
Pas de tags, Soyez le premier à ajouter un tag!

MARC

LEADER 00000ntm a22000003a 4500
001 stuzp105769
003 SK-STU
005 20250607211531.4
007 ta
008 150427s2015----xo-----f-mn---000-0-slo-d
040 |a STU  |b slo 
041 0 |a slo 
100 1 |a Herceg, Ján  |u 070200  |4 aut  |U FIIT Fakulta informatiky a informačných technológií  |T FIIT Ústav informatiky, informačných systémov a softvérového inžinierstva  |X 102940  |U I200  |Y 179  |7 102940 
242 0 1 |a Improving the Use of Design Patterns in Elm  |y eng 
245 1 0 |a Vylepšenie používania návrhových vzorov v jazyku Elm 
260 |c 2025 
650 4 |a Elm  |2 eng 
650 4 |a decorator  |2 eng 
650 4 |a patterns  |2 eng 
650 4 |a vzory  |2 slo 
650 4 |a dekorátor  |2 slo 
650 4 |a Elm  |2 slo 
700 1 |a Kapustík, Ivan  |u 070200  |k Z1  |4 ths  |U FIIT Fakulta informatiky a informačných technológií  |T FIIT Ústav informatiky, informačných systémov a softvérového inžinierstva  |X 111  |U I200  |Y 179  |7 111 
856 4 |u http://is.stuba.sk/zp/portal_zp.pl?podrobnosti=183667